000 00610nam a22001937a 4500
003 OSt
005 20210421063117.0
008 201215s1972 ||||| |||| 00| 0 eng d
040 _aeng
_beng
_cDLC
041 _aeng
080 _a821.111
_bS-28
100 _9505
_aSayers, L. Dorothy
245 _aLord Peter
_b: A Collection of All the Lord Peter Wimsey Stories
_c/ by: Harper and Row Publishers
260 _aNew York
_bHarper and Row Publishers
_c1972
300 _a487 p.
_bill.
650 0 _9247
_aEnglish literature
653 _aინგლისური ლიტერატურა
942 _2udc
_cBK
999 _c647
_d647